Film comment

Detalles Bibliográficos
Título anterior:Vision (New York, N.Y.)
Autor Corporativo: Film Society of Lincoln Center
Formato: Electrónico Revista
Lenguaje:inglés
Publicado: [New York] : [Lorien Productions], [©1962]-
Materias:
Acceso en línea:Full text available from Research Library: 01/01/1971 to present

MARC

LEADER 00000nas a2200000 a 4500
001 ssj0001703
003 WaSeSS
005 20200512172242.0
006 m d
007 cr n
008 760620c19629999nyubr p s 0 a0eng c
010 |a  76000498   |z sc 78001443  
016 |a (AMICUS)000002903806 
016 7 |a 008529214  |2 Uk 
022 |l 0015-119X  |y 0015-119X 
032 |a 801760  |b USPS 
035 |a (WaSeSS)ssj0001703 
037 |b Film Society of Lincoln Center, Film Comment, 140 W. 65th St., New York, NY 10023 
040 |a PIT  |b eng  |c PIT  |d NSD  |d DLC  |d NSD  |d DLC  |d NSD  |d OCL  |d AIP  |d NSD  |d AIP  |d OCL  |d NST  |d DLC  |d NST  |d DLC  |d NST  |d NSD  |d DLC  |d NST  |d HUL  |d NST  |d IUL  |d HUL  |d SYS  |d OCLCQ  |d LVB  |d MYG  |d OCLCQ  |d WAU  |d UKMGB  |d OCLCF  |d CUS  |d IIB  |d OVY  |d DLC  |d I8M  |d OCLCQ  |d NLC  |d CSJ  |d OCLCO  |d OCLCQ  |d MNS  |d OCLCO  |d OCLCQ  |d CSA  |d OCLCQ  |d CNO  |d OCLCQ  |d CEF  |d ZAP  |d NTG  |d RDF  |d GDC  |d OCLCO  |d CPO  |d OCLCO  |d HTM  |d ZAS  |d ZQP  |d WaSeSS 
042 |a nsdp  |a pcc 
050 0 0 |a PN1993  |b .F438 
210 0 |a Film comment 
222 0 |a Film comment 
245 0 0 |a Film comment  |h [electronic resource]. 
260 |a [New York] :  |b [Lorien Productions],  |c [©1962]- 
310 |a Bimonthly,  |b Sept./Oct. 1972- 
321 |a Quarterly,  |b 1962-summer 1972 
362 0 |a Vol. 1, no. 3- 
506 |a License restrictions may limit access. 
525 |a Has occasional supplements. 
550 |a Issues for: <Mar./Apr. 1975> published by: Film Society of Lincoln Center. 
588 |a Latest issue consulted: Vol. 47, no. 3 (May/June 2011). 
650 0 |a Motion pictures  |v Periodicals. 
650 6 |a Cinéma  |v Périodiques. 
650 7 |a Motion pictures.  |2 fast  |0 (OCoLC)fst01027285 
655 0 |a Electronic journals. 
710 2 |a Film Society of Lincoln Center. 
780 0 0 |t Vision (New York, N.Y.)  |x 2472-6028  |w (DLC)sf 86002021  |w (OCoLC)8850062 
850 |a AzTeS  |a CLSU  |a CPT  |a CU  |a CU-Riv  |a CaBVa  |a CtW  |a DLC  |a GASU  |a ICL  |a InU  |a MoSU  |a NcD  |a NcRS  |a OU  |a OrU  |a PPi  |a PPiU 
853 0 3 |8 1  |a v.  |b no.  |i (year)  |j (season) 
853 0 3 |8 2  |a v.  |b no.  |i (year)  |j (month) 
856 4 0 |z Full text available from Research Library: 01/01/1971 to present  |u https://search.proquest.com/publication/24820 
863 4 0 |8 1  |a <1>  |b <3>-  |i <1962/1963>  |x provisional 
863 4 0 |8 2  |a <8>  |b <3>-  |i <1972>  |j <Sept./Oct.>-  |x provisional